000 00450nam a2200181Ia 4500
001 735
005 20260306140539.0
008 260306t2008||||xx |||||||||||||| ||spa||
041 _aESP
082 _a149.97
_bH411
100 _aHabermas, Jürgen
_eAUT
245 0 _aEntre razón y religión:
_bdialéctica de la secularización
260 _c2008
300 _a54 páginas :
_c17 cm.
650 _aGEN
654 _aCHU
942 _cLIB
_dJUS
_fJUS
_2ddc
_n
999 _c735
_d735